Les prénoms en G du plan de Paris - Statistiques

Statistiques générales
  • Ce quiz a été pris 12 fois
  • Le résultat moyen est 20 sur 69
Statistiques - réponses
Arrondissement Indice Nom Prénom % Correct
7e Ingénieur Eiffel Gustave
100%
16e Ecrivain / Poète de Maupassant Guy
100%
17e Héros légendaire Tell Guillaume
91%
6e Ecrivain / Poète Apollinaire Guillaume
91%
17e Ecrivain / Poète Flaubert Gustave
91%
16e Artiste peintre Courbet Gustave
82%
8e Souverain (...) V George
73%
16e Acteur / Comédien Philipe Gérard
73%
17e Résistant Moquet Guy
73%
8e Réalisateur Oury Gérard
64%
16e Souverain (...) V de Suède Gustave
64%
8e Ecrivain / Poète Péri Gabriel
55%
6e Religieux de Tours Grégoire
55%
20e Artiste peintre Caillebotte Gustave
55%
7e Ecrivain / Poète Garcia Marquez Gabriel
45%
17e Compositeur Fauré Gabriel
45%
12e Compositeur Gershwin George
45%
18e Ecrivain / Poète de Nerval Gérard
45%
17e Ecrivain / Poète Cesbron Gilbert
45%
17e Artiste peintre Doré Gustave
45%
14e Médecin Le Bon Gustave
45%
13e Chorégraphe Balanchine George
36%
19e Journaliste Rébuffat Gaston
27%
7e Editeur Gallimard Gaston
27%
14e Philosophe Bachelard Gaston
27%
10e Compositeur Goublier Gustave
27%
16e Chansonnier Nadaud Gustave
27%
5e Médecin de La Brosse Guy
27%
12e Mathématicien Lamé Gabriel
18%
10e Résistant Laumain Gabriel
18%
9e Homme politique Kaspereit Gabriel
18%
3e Ecrivain / Poète Vicaire Gabriel
18%
6e Homme politique Monnerville Gaston
18%
20e Aviateur Chavez Géo
18%
13e Philanthrope Eastman George
18%
15e Ecrivain / Poète Shaw George-Bernard
18%
18e Sculpteur Pilon Germain
18%
14e Artiste peintre Privat Gilbert
18%
14e Homme politique Perroy Gilbert
18%
14e Philosophe Bruno Giordano
18%
11e Propriétaire Bertrand Guillaume
18%
17e Compositeur Charpentier Gustave
18%
16e Ingénieur Zédé Gustave
18%
13e Critique Geffroy Gustave
18%
18e Homme politique Rouanet Gustave
18%
9e Ecrivain / Poète Toudouze Gustave
18%
10e Médecin Patin Guy
18%
18e Chansonnier Couté Gaston
9%
19e Syndicaliste Tessier Gaston
9%
18e Aérostier Tissandier Gaston
9%
16e Propriétaire de Saint-Paul Gaston
9%
15e Ecrivain / Poète de Caillavet Gaston
9%
18e Mathématicien Darboux Gaston
9%
19e Propriétaire - Gauthier
9%
4e Bourgeois de Paris L'Asnier Geoffroy
9%
15e Ecrivain / Poète Khalil Gibran Gibran
9%
15e Professeur Larroumet Gustave
9%
18e Homme politique Auguet Gaston
0%
15e Historien Boissier Gaston
0%
19e Homme politique Pinot Gaston
0%
17e Propriétaire Bertandeau Gaston
0%
4e Bourgeois de Paris L'Angevin Geoffroy
0%
9e Philanthrope - Geoffroy
0%
10e Compositeur Haendel Georg-Friedrich
0%
15e Religieux (d'Aurillac) Gerbert
0%
13e Propriétaire - Godefroy
0%
11e Journaliste Cavaignac Godefroy
0%
16e Religieux Raynal Guillaume-Thomas
0%
11e Propriétaire Gustave Lepeu
0%
Aucun quiz correspondant
Distribution des résultats
% des personnes avec chaque résultat
Percentile par nombre de réponses
Votre historique - résultats
Vous n’avez pas pris ce quiz